000
00257nam a22000977a 4500
999
_c
11634
_d
11634
008
190921b ||||| |||| 00| 0 eng d
020
_a
9789388788892
100
_a
Goyal
_9
7337
245
_a
Score Well Mathematics- IX
260
_a
New Delhi
_b
Goyal Brothers
_c
2019